|
|
|
|
| LEADER |
00000ny a22000003n 4500 |
| 005 |
20110609121245.0 |
| 008 |
020219s2004 sp 000 spa c |
| 020 |
|
|
|a 9788495748102
|
| 035 |
|
|
|a 399
|
| 040 |
|
|
|a UMA.CEE
|d vLex
|
| 080 |
|
|
|a 336.763
|
| 090 |
|
|
|c 604
|d 604
|
| 100 |
1 |
|
|a Alemany Eguidazu, Jess︢
|
| 245 |
1 |
3 |
|a La manipulacin̤ de los mercados de valores
|h [Recurso electrn̤ico]
|b estudio multidisciplinar ilustrado con casos reales /
|c Jess︢ Alemany Eguidazu
|
| 256 |
|
|
|a Servicio en ln̕ea
|
| 260 |
|
|
|a Madrid :
|b Dijusa,
|c 2004
|
| 300 |
|
|
|a 654 p. ;
|c 25 cm.
|
| 506 |
1 |
|
|a Contenido solo disponible en los productos indicados
|d vLex Global
|d vLex Global (Academic Edition, excluding Law Schools)
|d vLex Global (U.S. Academic Edition, Law Schools)
|d vLex Global (U.S. Academic Edition, excluding Law Schools)
|d vLex Global (Academic Edition, Law Schools)
|
| 650 |
0 |
7 |
|a Bolsa de valores
|2 Tesauro vLex
|
| 650 |
0 |
7 |
|a Incidente
|2 Tesauro vLex
|
| 650 |
0 |
7 |
|a Procesal
|2 Tesauro vLex
|
| 650 |
0 |
7 |
|a Mercado de valores
|2 Tesauro vLex
|
| 650 |
0 |
7 |
|a Mercado de capitales
|2 Tesauro vLex
|
| 740 |
0 |
|
|a vLex Libros (Servicios en ln̕ea)
|
| 856 |
4 |
0 |
|u http://vlex.com/source/399
|z Acceso restringido
|
| 942 |
|
|
|c BOOK
|
| 999 |
0 |
|
|a Procedure (Law)
|b Madrid
|